00599nam a2200157Ia 4500008004100000100002700041245009000068245004400158260005300202260000900255300000900264650001500273856006100288999001900349952007300368170221s9999 xx 000 0 und d aMohanad S.S. Abumandil aInformation Quality and Decision-making Effectiveness: A Study of Banks in Palestine  cMohanad S.S. Abumandil, Shahizan Hassan bInternational Review of Management and Marketing c2016 a15 : xMarketing. uhttp://www.econjournals.com/index.php/irmm/issue/view/91 c312105d312105 001040aCLbCLd2017-02-21l0r2017-02-21 00:00:00w2017-02-21yFOJ